000 00602nam a2200205 4500
003 SEACOMEC
005 20240405124248.0
008 231006b |||||||| |||| 00| 0 eng d
020 _cRs. 125.00
040 _aSEACOMEC
041 _aEnglish
082 _a631.304
_bJ59
100 1 _aJeyapoovan, T.
245 1 _aEngineering practice lab
_bBasic workshop practice manual
_cT. Jeyapoovan
250 _a2nd ed.
260 _aNew Delhi
_bVikas
_c2005
650 _a Engineering Specific techniques;
_v apparatus, equipment, materials
650 _aTools, machinery, apparatus, equipment
942 _cBOOK
999 _c119
_d119